|
|
|
|
| LEADER |
00000nam0a2200000 4500 |
| 001 |
367776 |
| 005 |
20231102012022.0 |
| 035 |
|
|
|a (RuTPU)RU\TPU\retro\25139
|
| 090 |
|
|
|a 367776
|
| 100 |
|
|
|a 20220322d1975 k y0rusy50 ca
|
| 101 |
0 |
|
|a rus
|
| 102 |
|
|
|a RU
|
| 105 |
|
|
|a a z 001zy
|
| 200 |
1 |
|
|a Эндогенные ореолы месторождений золота
|f Н. В. Рослякова, Н. А. Росляков
|g Академия наук СССР, Сибирское отделение, Институт геологии и геофизики ; под ред. В. А. Кузнецова
|
| 210 |
|
|
|a Новосибирск
|c Наука
|d 1975
|
| 215 |
|
|
|a 132 с.
|c ил.
|
| 225 |
1 |
|
|a Труды Института геологии и геофизики
|v Вып. 182
|
| 316 |
|
|
|5 63413507: КР-7482
|a На титульном листе владельческая подпись: «Л. Рихванов г. Томск март, 1975»
|
| 317 |
|
|
|5 63413507: КР-7482
|a Поступил в НТБ в 2021 г. в дар от семьи профессора ТПУ Л. П. Рихванова
|
| 320 |
|
|
|a Литература: с. 121-130
|
| 330 |
|
|
|a Работа является первой монографической сводкой по поведению золота в эндогенных ореолах собственно золоторудных месторождений. Выполнена она на основании многолетних исследований поведения золота в полях золоторудных месторождений Сибири, Казахстана, Средней Азии и Камчатки. Ее главная особенность — рассмотрение связи сложной картины распределения золота в полях золоторудных месторождений с процессами гидротермального метаморфизма, предшествующего образованию руд. Показана общая для всех месторождений зональность эндогенных ореолов золота. Детально охарактеризованы три их группы: 1) ореолы рудных полей; 2) ореолы месторождений и 3) ореолы рудных тел. Особое внимание уделено вопросам, касающимся практического использования закономерностей распределения золота в околорудном пространстве. Книга представляет интерес для геохимиков, геологов-поисковиков и студентов вузов.
|
| 606 |
1 |
|
|a Золоторудные месторождения
|2 stltpush
|3 (RuTPU)RU\TPU\subj\11877
|9 38756
|
| 610 |
1 |
|
|a Библиотека Л. П. Рихванова
|
| 610 |
1 |
|
|a эндогенные ореолы
|
| 610 |
1 |
|
|a геологические очерки
|
| 610 |
1 |
|
|a рудные поля
|
| 610 |
1 |
|
|a рудные тела
|
| 610 |
1 |
|
|a осадочные породы
|
| 610 |
1 |
|
|a вулканогенные породы
|
| 610 |
1 |
|
|a интрузивные породы
|
| 610 |
1 |
|
|a метаморфические породы
|
| 610 |
1 |
|
|a дары библиотеке
|
| 610 |
1 |
|
|a владельческие подписи
|
| 675 |
|
|
|a 553.411
|v 4
|
| 700 |
|
1 |
|a Рослякова
|b Н. В.
|g Нина Васильевна
|
| 701 |
|
1 |
|a Росляков
|b Н. А.
|g Николай Александрович
|
| 702 |
|
1 |
|a Кузнецов
|b В. А.
|4 340
|
| 712 |
0 |
2 |
|a Академия наук СССР
|b Сибирское отделение
|b Институт геологии и геофизики
|c (Новосибирск)
|c (1957-1990)
|2 stltpush
|3 (RuTPU)RU\TPU\col\128
|9 23211
|
| 801 |
|
1 |
|a RU
|b 63413507
|c 20220322
|
| 801 |
|
2 |
|a RU
|b 63413507
|c 20220712
|g RCR
|
| 942 |
|
|
|c BK
|